000
00401nam a22001697a 4500
003
MPLRDC
005
20220104143429.0
008
210129b ||||| |||| 00| 0 eng d
082
_a
997.11 ZZXJD
100
_a
赵治勋九段著
245
_a
我的围棋观
_c
250
_a
一版一刷
260
_a
_b
人民体育出版社
_c
1988
300
_b
平
650
_a
942
_c
BK
_o
997.11 ZZXJD
999
_c
39832
_d
39822